000 00592cam a2200205 4500500
005 20260405003732.0
041 _afre
042 _adc
100 1 0 _aLarmagnac-Matheron, Octave
_eauthor
245 0 0 _aLas Vegas globalisée
260 _c2023.
500 _a85
690 _aÉtats-Unis
690 _aImages
690 _aJean Baudrillard
690 _aLas Vegas
690 _aSphère
786 0 _nPhilosophie magazine | 172 | 9 | 2023-09-01 | p. 4-4 | 1951-1787
856 4 1 _uhttps://shs.cairn.info/magazine-philosophie-magazine-2023-9-page-4?lang=fr&redirect-ssocas=7080
999 _c2070343
_d2070343